01034cam a2200217 a 4500020001800000041000900018082001400027245010600041246003400147260005900181300002300240500010400263500011700367504004100484546002300525650005500548650005400603650004200657700002900699710008800728 a97896044526820 aeng. a341bMUL-00aMulticulturalism and international law :b2004 international law session /cedited by Kalliopi Koufa.30a2004 international law center aThessaloniki, Greece :bSakkoulas Publications,c2006. ax, 503p. bports ; aAt head of title: Institute of International Public Law and International Relations of Thessaloniki aIncludes lectures delivered and papers presented during the annual session of courses organized by the Institute aIncludes bibliographical references. aEnglish and French 0aMulticulturalismxLaw and legislationvCongresses. 0aMinoritiesxLegal status, laws, etc.vCongresses. 0aMinoritiesxCivil rightsvCongresses.1 aKoufa, Kalliopieeditor.2 aInstitouton Diethnous Dēmosiou Dikaiou kai Diethnōn Scheseōn Thessalonikēs.